000 01114nam a2200217Ia 4500
999 _c38301
_d38301
001 4311
003 GE_BSU
005 20191007114346.0
008 181216s1986||||ge |||||||||||||| ||geo||
040 _cGE_BSU
041 _ageo
080 _a378.4(479.223) ბ–20
100 _aბალაძე, დ.
_94564
245 _aუმაღლესი განათლების პირველი კერა აჭარაში :
_bშოთა რუსთაველის სახ. სახელმწ. პედ. ინ-ტის ნახევარი საუკუნის ისტორია /
_cრედ.: ა. კახიძე.
264 _aბათუმი :
_bსაბჭ. აჭარა,
_c1986.
300 _a246 გვ.;
_b20 სმ.
653 _aბათუმის სახელმწიფო პედაგოგიკური ინსტიტუტის ისტორია
700 _aჯაფარიძე, შ.ი.
_eავტორი
_94565
700 _aკახიძე, ა.
_eრედაქტორი
_91466
942 _cBK
_2udc